Indian working class movement (Record no. 1320)

MARC details
000 -LEADER
fixed length control field 00486cam a2200193ua 4500
001 - CONTROL NUMBER
control field 1429
005 - DATE AND TIME OF LATEST TRANSACTION
control field 20260515113331.0
008 - FIXED-LENGTH DATA ELEMENTS--GENERAL INFORMATION
fixed length control field 110715n ii |||gr||||Z||||||eng
040 ## - CATALOGING SOURCE
Transcribing agency MAIN
082 ## - DEWEY DECIMAL CLASSIFICATION NUMBER
Classification number 331
100 ## - MAIN ENTRY--PERSONAL NAME
Personal name Mathur, J. S.,
Relator term Author.
245 1# - TITLE STATEMENT
Title Indian working class movement
Statement of responsibility, etc. by J. S. Mathur
250 ## - EDITION STATEMENT
Edition statement 1st.
260 ## - PUBLICATION, DISTRIBUTION, ETC.
Place of publication, distribution, etc. Allahabad:
Name of publisher, distributor, etc. Central Book Depot.
300 ## - PHYSICAL DESCRIPTION
Extent x; 415p:
Dimensions 23cm.
653 ## - INDEX TERM--UNCONTROLLED
Uncontrolled term Economics
653 ## - INDEX TERM--UNCONTROLLED
Uncontrolled term indian working class movement
942 ## - ADDED ENTRY ELEMENTS (KOHA)
Koha item type Books
Holdings
Withdrawn status Lost status Damaged status Not for loan Home library Current library Shelving location Date acquired Total checkouts Full call number Barcode Date last seen Copy number Price effective from Koha item type
        Naharkatiya College Library Naharkatiya College Library General stacks 09/19/2020   331 | MAT 1836 09/19/2020 1 09/19/2020 Books